000
00271nam a2200121Ia 4500
008
231129s1976||||xx |||||||||||||| ||spa||
082
_a
HAJ- 0090
100
_a
Umaña Bernal José
245
0
_a
Carnets
260
_c
1976
264
_a
Bogotá: Stella
942
_2
ddc
_c
BKS
999
_c
6668
_d
6668